Akademické podnikanie a typológia akademických spin-off firiem

Súčasný stav v teórii a praxi vymedzenia univerzitných spin-off firiem. Typológia spin-off firiem v univerzitnom prostredí Slovenska. Kategorizácia spin-off firiem v univerzitnom prostredí SR.

Guardado en:
Detalles Bibliográficos
Autor principal: Čorejová, Tatiana
Otros Autores: Rostášová, Mária, Čorejová, Andrea, Hudec, Oto
Formato: Capítulo de libro
Lenguaje:eslovaco
Materias:
Etiquetas: Agregar Etiqueta
Sin Etiquetas, Sea el primero en etiquetar este registro!

MARC

LEADER 00000naa$a2200000$$$4500
001 0250407
005 20240502134458.1
041 0 |a slo 
044 |a SK 
245 1 0 |a Akademické podnikanie a typológia akademických spin-off firiem  |c Tatiana Čorejová, Mária Rostášová, Andrea Čorejová, Oto Hudec 
520 |a Súčasný stav v teórii a praxi vymedzenia univerzitných spin-off firiem. Typológia spin-off firiem v univerzitnom prostredí Slovenska. Kategorizácia spin-off firiem v univerzitnom prostredí SR. 
610 2 0 |a vzdelávanie vysokoškolské 
610 2 0 |a podnikanie 
610 2 0 |a spin-off firmy 
610 2 0 |a univerzity 
610 2 0 |a Slovensko 
100 1 |a Čorejová, Tatiana 
700 1 |a Rostášová, Mária 
700 1 |a Čorejová, Andrea 
700 1 |a Hudec, Oto